<?xml version="1.0" encoding="UTF-8"?>
<record
    xmlns:xsi="http://www.w3.org/2001/XMLSchema-instance"
    xsi:schemaLocation="http://www.loc.gov/MARC21/slim http://www.loc.gov/standards/marcxml/schema/MARC21slim.xsd"
    xmlns="http://www.loc.gov/MARC21/slim">

  <leader>02557nam a2200193Ia 4500</leader>
  <controlfield tag="001">6646</controlfield>
  <controlfield tag="008">260622s9999    xx            000 0 und d</controlfield>
  <datafield tag="245" ind1=" " ind2="0">
    <subfield code="a">&#x627;&#x644;&#x645;&#x642;&#x627;&#x645;&#x627;&#x62A; &#x627;&#x644;&#x646;&#x638;&#x631;&#x64A;&#x629;: </subfield>
    <subfield code="b">&#x644;&#x644;&#x623;&#x62F;&#x64A;&#x628; &#x623;&#x628;&#x64A; &#x628;&#x643;&#x631; &#x645;&#x62D;&#x633;&#x646; &#x628;&#x627;&#x639;&#x628;&#x648;&#x62F; &#x627;&#x644;&#x62D;&#x636;&#x631;&#x645;&#x64A; (&#x645;&#x646; &#x639;&#x644;&#x645;&#x627;&#x621; &#x627;&#x644;&#x642;&#x631;&#x646; &#x627;&#x644;&#x62B;&#x627;&#x646;&#x64A; &#x639;&#x634;&#x631;)/ </subfield>
    <subfield code="c">&#x62A;&#x62D;&#x642;&#x64A;&#x642;: &#x639;&#x628;&#x62F;&#x627;&#x644;&#x644;&#x647; &#x645;&#x62D;&#x645;&#x62F; &#x627;&#x644;&#x62D;&#x628;&#x634;&#x64A;</subfield>
  </datafield>
  <datafield tag="260" ind1=" " ind2=" ">
    <subfield code="a">&#x623;&#x628;&#x648; &#x638;&#x628;&#x64A;&#x61B; </subfield>
    <subfield code="b">&#x627;&#x644;&#x645;&#x62C;&#x645;&#x639; &#x627;&#x644;&#x62B;&#x642;&#x627;&#x641;&#x64A;&#x61B; </subfield>
    <subfield code="c">1999</subfield>
  </datafield>
  <datafield tag="300" ind1=" " ind2=" ">
    <subfield code="a">318p; </subfield>
    <subfield code="c">24x17cm</subfield>
  </datafield>
  <datafield tag="505" ind1=" " ind2=" ">
    <subfield code="a">&#x647;&#x630;&#x627; &#x627;&#x644;&#x643;&#x62A;&#x627;&#x628;  &#x631;&#x628;&#x645;&#x627; &#x64A;&#x62A;&#x628;&#x627;&#x62F;&#x631; &#x625;&#x644;&#x649; &#x630;&#x647;&#x646; &#x627;&#x644;&#x642;&#x627;&#x631;&#x626; &#x627;&#x644;&#x639;&#x631;&#x628;&#x64A; &#x623;&#x646; &#x641;&#x646; (&#x627;&#x644;&#x645;&#x642;&#x627;&#x645;&#x627;&#x62A;) &#x628;&#x642;&#x64A; &#x645;&#x631;&#x647;&#x648;&#x646;&#x627;&#x64B; &#x628;&#x64A;&#x631;&#x627;&#x639; &#x627;&#x644;&#x647;&#x645;&#x630;&#x627;&#x646;&#x64A; &#x648;&#x627;&#x644;&#x62D;&#x631;&#x64A;&#x631;&#x64A; &#x62D;&#x633;&#x628;&#x61B; &#x644;&#x643;&#x646;&#x645;&#x627; &#x630;&#x644;&#x643; &#x625;&#x63A;&#x641;&#x627;&#x644; &#x645;&#x62D;&#x636;. &#x641;&#x644;&#x642;&#x62F; &#x62C;&#x627;&#x62F;&#x62A; &#x642;&#x631;&#x627;&#x626;&#x62D; &#x627;&#x644;&#x623;&#x62F;&#x628;&#x627;&#x621; &#x645;&#x646; &#x628;&#x639;&#x62F;&#x647;&#x645;&#x627; - &#x62C;&#x631;&#x64A;&#x627;&#x64B; &#x639;&#x644;&#x649; &#x633;&#x646;&#x629; &#x627;&#x644;&#x62A;&#x642;&#x644;&#x64A;&#x62F; - &#x644;&#x623;&#x62D;&#x64A;&#x627;&#x621; &#x62A;&#x631;&#x627;&#x62B; &#x623;&#x62F;&#x628;&#x64A; &#x645;&#x627; &#x641;&#x62A;&#x626; &#x64A;&#x639;&#x62F; &#x627;&#x644;&#x646;&#x648;&#x627;&#x629; &#x627;&#x644;&#x623;&#x648;&#x644;&#x649; &#x644;&#x641;&#x646; &#x627;&#x644;&#x642;&#x635;&#x629; &#x627;&#x644;&#x639;&#x631;&#x628;&#x64A;&#x629; &#x641;&#x64A; &#x623;&#x62F;&#x628; &#x627;&#x644;&#x639;&#x635;&#x631; &#x627;&#x644;&#x62D;&#x62F;&#x64A;&#x62B;.  &#x644;&#x642;&#x62F; &#x623;&#x646;&#x628;&#x62A;&#x62A; &#x623;&#x631;&#x636; &#x62D;&#x636;&#x631;&#x645;&#x648;&#x62A; &#x627;&#x644;&#x64A;&#x645;&#x646; &#x634;&#x62A;&#x644;&#x629; ( &#x628;&#x627; &#x639;&#x628;&#x648;&#x62F;) &#x627;&#x644;&#x62D;&#x636;&#x631;&#x645;&#x64A; &#x641;&#x64A; &#x627;&#x644;&#x645;&#x642;&#x627;&#x645;&#x629;&#x60C; &#x648;&#x644;&#x645; &#x64A;&#x62C;&#x646; &#x62B;&#x645;&#x627;&#x631;&#x647;&#x627; &#x625;&#x644;&#x627; &#x641;&#x64A; &#x623;&#x631;&#x636; (&#x627;&#x644;&#x647;&#x646;&#x62F;) &#x627;&#x644;&#x62A;&#x64A; &#x62C;&#x639;&#x644;&#x647;&#x627; &#x645;&#x633;&#x631;&#x62D;&#x627;&#x64B; &#x644;&#x631;&#x648;&#x627;&#x64A;&#x62A;&#x647; &#x648;&#x628;&#x637;&#x644;&#x647;&#x60C; &#x641;&#x623;&#x62A;&#x62A; &#x623;&#x643;&#x644;&#x647;&#x627; &#x641;&#x64A; &#x62D;&#x64A;&#x646;&#x647;&#x627; &#x60C; &#x648;&#x638;&#x644;&#x62A; &#x62A;&#x62C;&#x648;&#x62F; &#x641;&#x64A; &#x643;&#x644; &#x62D;&#x64A;&#x646;.</subfield>
  </datafield>
  <datafield tag="520" ind1=" " ind2=" ">
    <subfield code="a">Includes 50 short stories. The art of maqamat in Arabic literature is a unique prose genre, representing a short story revolving around a cunning hero and a narrator, characterized by its rhymed and ornate style. Here are the key points about this art: Origins and Pioneers: Badi' al-Zaman al-Hamadhani (4th century AH) is considered the first innovator of this art, followed by Abu Muhammad al-Qasim al-Hariri, who brought it to its artistic peak.  The Arab reader might assume that the art of maqamat remained solely dependent on the pens of al-Hamadhani and al-Hariri; however, this is a complete oversight. The literary talents of those who followed them&#x2014;in keeping with the tradition&#x2014;produced a revival of a literary heritage that continues to be considered the first nucleus of the Arabic story in modern literature.  The land of Hadhramaut in Yemen nurtured the seedling of Ba Aboud al-Hadrami in the maqama, and its fruits were reaped only in the land of India, which he made the stage for his narrative and his hero. It bore fruit in its time and has continued to yield fruit ever since</subfield>
  </datafield>
  <datafield tag="546" ind1=" " ind2=" ">
    <subfield code="a">Arabic</subfield>
  </datafield>
  <datafield tag="648" ind1=" " ind2=" ">
    <subfield code="a">20th century</subfield>
  </datafield>
  <datafield tag="650" ind1=" " ind2=" ">
    <subfield code="a">Fiction &#x631;&#x648;&#x627;&#x64A;&#x629;</subfield>
    <subfield code="9">9502</subfield>
  </datafield>
  <datafield tag="650" ind1=" " ind2=" ">
    <subfield code="a">PJ7501-8517 Arabic literature</subfield>
  </datafield>
  <datafield tag="651" ind1=" " ind2=" ">
    <subfield code="a">Yemen</subfield>
    <subfield code="z">Hadhramout</subfield>
    <subfield code="9">9503</subfield>
  </datafield>
  <datafield tag="942" ind1=" " ind2=" ">
    <subfield code="c">BK</subfield>
  </datafield>
  <datafield tag="999" ind1=" " ind2=" ">
    <subfield code="c">6646</subfield>
    <subfield code="d">6646</subfield>
  </datafield>
  <datafield tag="952" ind1=" " ind2=" ">
    <subfield code="0">0</subfield>
    <subfield code="1">0</subfield>
    <subfield code="4">0</subfield>
    <subfield code="7">0</subfield>
    <subfield code="8">P</subfield>
    <subfield code="a">SAFL</subfield>
    <subfield code="b">SAFL</subfield>
    <subfield code="d">2026-06-22</subfield>
    <subfield code="l">0</subfield>
    <subfield code="o">PJ7501-8517 251.63</subfield>
    <subfield code="p">6646</subfield>
    <subfield code="r">2026-06-22</subfield>
    <subfield code="w">2026-06-22</subfield>
    <subfield code="y">BK</subfield>
  </datafield>
</record>
